Benham's economics: a general introduction

Guardat en:
Dades bibliogràfiques
Autor principal: Paish, F. W. (Autor)
Format: Llibre
Idioma:anglès
Publicat: Londres Sir Isaac Pitman & Sons 1964
Edició:7a. ed
Matèries:
Etiquetes: Afegir etiqueta
Sense etiquetes, Sigues el primer a etiquetar aquest registre!

MARC

LEADER 00000nam a2200000 a 4500
001 UCR7586
003 CL-VaPUC
008 980519e19640000UK |||||||||||||||||eng|d
082 0 4 |a 330.1  |b PAI  |2 21 
100 |a Paish, F. W.  |e author  |9 408891 
245 1 0 |a Benham's economics: a general introduction 
250 |a 7a. ed 
300 |a 576 p 
942 |c BK 
945 |d 19980519 00:00:00  |a crobeson 
260 |a Londres  |b Sir Isaac Pitman & Sons  |c 1964 
650 0 |a Economía   |9 255568 
650 0 |a Teoría económica  |9 315055 
650 0 |a Análisis económico  |9 259939 
650 7 |a SOCIOLOGIA ECONOMICA  |2 CL-VaPUC  |9 341237 
650 0 |a Producción   |9 263680 
650 7 |a SISTEMAS ECONOMICOS  |2 CL-VaPUC  |9 408892 
650 0 |a Factores de producción   |9 365052 
650 0 |a Población  |9 257577 
650 0 |a Capital   |9 263726 
650 0 |a Desarrollo económico  |9 259599 
650 0 |a Trabajo y empleo  |9 315054 
650 0 |a Oferta y demanda  |9 255571 
650 0 |a Macroeconomía   |9 260301 
650 0 |a Capitalismo  |9 255255 
650 0 |a Dinero  |9 314331 
650 0 |a Bancos  |9 254963 
650 7 |a COMERCIO INTERNACIONAL  |2 CL-VaPUC  |9 408893 
650 0 |a Historia económica  |9 307218 
583 |a last modification  |c 19980519 00:00:00  |k Rodrigo Vera 
999 |c 269177  |d 269175